| 000 | 00701nam a22002057a 4500 | ||
|---|---|---|---|
| 003 | BD-DhUL | ||
| 005 | 20191215122127.0 | ||
| 008 | 180116s2014 ii ||||| |||| 00| 0 urd d | ||
| 020 | _a9789383282258 | ||
| 040 |
_aBD-DhUL _cBD-DhUL |
||
| 082 |
_a891.4393 _bZAT |
||
| 100 | 1 | _aذاکر، کشمیری لال۔ | |
| 245 | 0 |
_aتمہیں تو کوئی رونے والا بھی نہیں : _bناول / _cکشمیری لال ذاکر۔ |
|
| 246 | _aTumhī to koī rone wālā bhī nahī : Novel | ||
| 260 |
_aنئی دہلی : _bایم۔ آر۔ پبلی کیشنز، _c۲۰۱۴۔ |
||
| 300 |
_aص۔ ۱۱۲ ؛ _c۲۱ سم۔ |
||
| 365 |
_aIRs. _b125.00 |
||
| 650 | 4 | _aUrdu fiction. | |
| 942 |
_2ddc _cBK |
||
| 999 |
_c251265 _d251265 |
||